[Event "Oberliga Ost A 2018 2019"]
[Site "?"]
[Date "2019.02.02"]
[Round "6.8"]
[White "Schoene, Maria"]
[Black "Hentze, Markus"]
[Result "0-1"]
[WhiteElo "2171"]
[BlackElo "2141"]
[PlyCount "78"]
[EventDate "2018.10.21"]
[EventType "team-tourn"]
[EventCountry "GER"]
[WhiteTeam "Magdeburg SG Aufbau Elbe"]
[BlackTeam "Leipzig SG"]
[WhiteTeamCountry "GER"]
[BlackTeamCountry "GER"]

1. e4 c5 2. Nf3 d6 3. d4 cxd4 4. Nxd4 Nf6 5. Nc3 a6 6. Be3 e5 7. Nb3 Be7 8. h3
h5 9. Qe2 Qc7 10. O-O-O Be6 11. Kb1 b5 12. f4 Bc4 13. Qf3 b4 14. Nd5 Nxd5 15.
exd5 Nd7 16. Bxc4 Qxc4 17. Na5 Qb5 18. Nc6 Bf6 19. g4 g6 20. Rhf1 hxg4 21. hxg4
Rf8 22. g5 Bd8 23. fxe5 dxe5 24. Qe4 Bc7 25. Bd4 a5 26. Bxe5 Bxe5 27. Nxe5
O-O-O 28. Nxf7 Kb8 29. Qg2 Rde8 30. Rf2 Qc5 31. Rdf1 Qe3 32. b3 a4 33. bxa4 Qc3
34. Re2 Nb6 35. Rf3 Qd4 36. Rd3 Qc5 37. Ne5 Ka7 38. Nc6+ Kb7 39. Rb3 Rxe2 0-1

[Event "Oberliga Ost A 2018 2019"]
[Site "?"]
[Date "2019.02.02"]
[Round "6.1"]
[White "Richter, Leonard"]
[Black "Mikes, Jan"]
[Result "0-1"]
[WhiteElo "2292"]
[BlackElo "2337"]
[PlyCount "96"]
[EventDate "2018.10.21"]
[EventType "team-tourn"]
[EventCountry "GER"]
[WhiteTeam "Leipzig SG II"]
[BlackTeam "Magdeburg SV Rochade"]
[WhiteTeamCountry "GER"]
[BlackTeamCountry "GER"]

1. e4 c5 2. Nf3 d6 3. d4 cxd4 4. Nxd4 Nf6 5. Nc3 a6 6. Bg5 Nbd7 7. Bc4 Qb6 8.
Qd2 Qxb2 9. Rb1 Qa3 10. O-O e6 11. Rfe1 Be7 12. Bxe6 fxe6 13. Nxe6 Kf7 14. Nd5
Kxe6 15. Nc7+ Kf7 16. Nxa8 Qc5 17. Be3 Qc6 18. Nb6 Ne5 19. Bd4 Be6 20. f4 Bxa2
21. Rb4 Rd8 22. c4 a5 23. fxe5 dxe5 24. Rb5 Bxc4 25. Rxe5 Qxb6 26. Bxb6 Rxd2
27. Bxa5 Ra2 28. Bb6 Nd7 29. Rf5+ Ke6 30. Bd4 g6 31. Rf2 Rxf2 32. Kxf2 Ne5 33.
Ra1 Nc6 34. Bb2 Bc5+ 35. Ke1 Nd4 36. Ra8 Bb5 37. Rd8 Nb3 38. Rh8 Bc6 39. Rxh7
Bxe4 40. Rh4 Kd5 41. Rg4 b5 42. h4 b4 43. Ke2 Bf5 44. Rg5 Be7 45. g4 Bxg5 46.
gxf5 Bc1 47. Bxc1 Nxc1+ 48. Kd1 gxf5 0-1

[Event "Oberliga Ost A 2018 2019"]
[Site "?"]
[Date "2019.02.02"]
[Round "6.2"]
[White "Mueller, Dominik"]
[Black "Boehnisch, Manfred"]
[Result "0-1"]
[WhiteElo "2267"]
[BlackElo "2262"]
[PlyCount "78"]
[EventDate "2018.10.21"]
[EventType "team-tourn"]
[EventCountry "GER"]
[WhiteTeam "Magdeburg SV Rochade"]
[BlackTeam "Leipzig SG II"]
[WhiteTeamCountry "GER"]
[BlackTeamCountry "GER"]

1. d4 d5 2. c4 c6 3. Nc3 Nf6 4. Nf3 dxc4 5. a4 Bf5 6. e3 e6 7. Bxc4 Bb4 8. O-O
Nbd7 9. Qe2 Bg4 10. h3 Bh5 11. Rd1 Bxc3 12. bxc3 Ne4 13. Qc2 Ng5 14. Be2 Bxf3
15. Bxf3 Nxf3+ 16. gxf3 O-O 17. Rb1 b6 18. Ba3 Re8 19. f4 Qh4 20. Kh2 Nf6 21.
Rg1 Rad8 22. c4 Rd7 23. Rg5 Red8 24. Rbg1 g6 25. Bb2 Ne8 26. R1g4 Qh6 27. Qe4
Nf6 28. Qxc6 Nxg4+ 29. Rxg4 Qf8 30. Qb5 Qd6 31. Ba1 Qa3 32. Bb2 Qd3 33. Rg5 f6
34. Rg1 Kf7 35. Qb4 Rc7 36. c5 bxc5 37. dxc5 Qc2 38. Bd4 Qxf2+ 39. Rg2 Qf3 0-1

[Event "Oberliga Ost A 2018 2019"]
[Site "?"]
[Date "2019.02.02"]
[Round "6.3"]
[White "Schunk, Thomas"]
[Black "Kuchynka, Lukas"]
[Result "0-1"]
[WhiteElo "2137"]
[BlackElo "2275"]
[PlyCount "94"]
[EventDate "2018.10.21"]
[EventType "team-tourn"]
[EventCountry "GER"]
[WhiteTeam "Leipzig SG II"]
[BlackTeam "Magdeburg SV Rochade"]
[WhiteTeamCountry "GER"]
[BlackTeamCountry "GER"]

1. c4 Nf6 2. Nc3 g6 3. g3 Bg7 4. Bg2 d6 5. d4 O-O 6. Nf3 Nc6 7. O-O a6 8. b3
Rb8 9. Bb2 b5 10. cxb5 axb5 11. d5 Na5 12. Nd4 Bd7 13. Rc1 b4 14. Nb1 e5 15.
dxe6 fxe6 16. Qc2 c5 17. Nf3 Qe7 18. Nbd2 Rb6 19. e4 e5 20. Rfe1 Bh6 21. Ra1
Be6 22. h3 Qf7 23. Bc1 Kg7 24. Bf1 Ne8 25. Bg2 Nc7 26. Nf1 Bxc1 27. Rexc1 Qf6
28. Ne3 Nc6 29. Rf1 Nb5 30. Nc4 Ra6 31. Qd3 Bxh3 32. Ncd2 Bxg2 33. Kxg2 Ra5 34.
Nc4 Ra7 35. Nh2 Ncd4 36. f3 Qg5 37. Rf2 Ne6 38. Kh1 Qxg3 39. Rd2 Ned4 40. Rg1
Qh3 41. Rf2 Raf7 42. Nd2 Nc7 43. Rgf1 Nce6 44. Nc4 Nf4 45. Qe3 Nh5 46. Kg1 Ng3
47. f4 Rxf4 0-1

[Event "Oberliga Ost A 2018 2019"]
[Site "?"]
[Date "2019.02.02"]
[Round "6.4"]
[White "Bednar, Marcel"]
[Black "Schultz, Andreas"]
[Result "1/2-1/2"]
[WhiteElo "2268"]
[BlackElo "2160"]
[PlyCount "45"]
[EventDate "2018.10.21"]
[EventType "team-tourn"]
[EventCountry "GER"]
[WhiteTeam "Magdeburg SV Rochade"]
[BlackTeam "Leipzig SG II"]
[WhiteTeamCountry "GER"]
[BlackTeamCountry "GER"]

1. d4 d5 2. c4 e6 3. Nc3 Nf6 4. Bg5 Be7 5. Nf3 Nbd7 6. Qc2 h6 7. Bh4 O-O 8. e3
c5 9. cxd5 Nxd5 10. Bxe7 Qxe7 11. Nxd5 exd5 12. Be2 c4 13. a4 Qb4+ 14. Qc3 a5
15. Nd2 Nf6 16. O-O Bd7 17. Bd1 b5 18. axb5 Bxb5 19. Bf3 Rfb8 20. Ra2 Bd7 21.
Rfa1 a4 22. Bd1 Qb7 23. f3 1/2-1/2

[Event "Oberliga Ost A 2018 2019"]
[Site "?"]
[Date "2019.02.02"]
[Round "6.5"]
[White "Gempe, Thomas"]
[Black "Niering, Martin"]
[Result "1-0"]
[WhiteElo "2170"]
[BlackElo "2214"]
[PlyCount "57"]
[EventDate "2018.10.21"]
[EventType "team-tourn"]
[EventCountry "GER"]
[WhiteTeam "Leipzig SG II"]
[BlackTeam "Magdeburg SV Rochade"]
[WhiteTeamCountry "GER"]
[BlackTeamCountry "GER"]

1. d4 Nf6 2. c4 g6 3. Nc3 Bg7 4. e4 d6 5. Nf3 O-O 6. Be2 Na6 7. Bg5 h6 8. Be3
e5 9. dxe5 dxe5 10. Nxe5 Qe7 11. f4 Nd7 12. Nd5 Qe8 13. Nxd7 Bxd7 14. Bf3 c6
15. Nc3 Bf5 16. Qb3 b5 17. cxb5 cxb5 18. O-O b4 19. Nd5 Bxe4 20. Rae1 Bxf3 21.
Rxf3 Qb5 22. f5 Rad8 23. Ne7+ Kh7 24. f6 Bh8 25. Bxh6 Bxf6 26. Bxf8 Qb6+ 27.
Kh1 Rxf8 28. Nd5 Nc5 29. Qc4 1-0

[Event "Oberliga Ost A 2018 2019"]
[Site "?"]
[Date "2019.02.02"]
[Round "6.6"]
[White "Stolz, Mike"]
[Black "Limpert, Michael"]
[Result "1-0"]
[WhiteElo "2298"]
[BlackElo "2162"]
[PlyCount "75"]
[EventDate "2018.10.21"]
[EventType "team-tourn"]
[EventCountry "GER"]
[WhiteTeam "Magdeburg SV Rochade"]
[BlackTeam "Leipzig SG II"]
[WhiteTeamCountry "GER"]
[BlackTeamCountry "GER"]

1. e4 c6 2. Ne2 d5 3. e5 Bf5 4. Ng3 Bg6 5. e6 Qd6 6. exf7+ Bxf7 7. d4 e5 8. Qe2
Nd7 9. dxe5 Qxe5 10. Bf4 Qxe2+ 11. Bxe2 g6 12. Nd2 Bg7 13. O-O-O Be5 14. Bxe5
Nxe5 15. f4 Nd7 16. Bg4 O-O-O 17. Nf3 Ngf6 18. Bh3 Rhe8 19. Ng5 Bg8 20. f5 gxf5
21. Nxf5 Kc7 22. Ng7 Nc5 23. Nxe8+ Rxe8 24. Rde1 Nce4 25. Nxe4 Nxe4 26. Bf5 Re5
27. Rhf1 Kd6 28. Bxe4 dxe4 29. Kd2 a5 30. b3 b5 31. Rf4 Bd5 32. g4 h5 33. gxh5
Rxh5 34. h4 Kc5 35. a3 Rh7 36. Rg1 b4 37. axb4+ axb4 38. Ke3 1-0

[Event "Oberliga Ost A 2018 2019"]
[Site "?"]
[Date "2019.02.02"]
[Round "6.7"]
[White "Dietze, Frank"]
[Black "Waechter, Nathalie"]
[Result "1/2-1/2"]
[WhiteElo "2094"]
[BlackElo "2055"]
[PlyCount "61"]
[EventDate "2018.10.21"]
[EventType "team-tourn"]
[EventCountry "GER"]
[WhiteTeam "Leipzig SG II"]
[BlackTeam "Magdeburg SV Rochade"]
[WhiteTeamCountry "GER"]
[BlackTeamCountry "GER"]

1. d4 d5 2. c4 e6 3. Nf3 Nf6 4. g3 Be7 5. Bg2 O-O 6. O-O dxc4 7. Qc2 a6 8. a4
Bd7 9. Qxc4 Bc6 10. Bf4 Nd5 11. Bd2 Nd7 12. Nc3 N7b6 13. Qb3 a5 14. Nb5 Nb4 15.
Rfc1 Bd5 16. Qd1 c6 17. Na3 Bxf3 18. Bxf3 Qxd4 19. Be3 Qxd1+ 20. Rxd1 N6d5 21.
Bd2 Bf6 22. Rab1 Rfd8 23. Nc4 Be7 24. e4 Nf6 25. Nb6 Ra6 26. Be3 c5 27. Nc4 b6
28. Rxd8+ Bxd8 29. Rd1 Ra8 30. Bf4 Kf8 31. Be5 1/2-1/2

[Event "Oberliga Ost A 2018 2019"]
[Site "?"]
[Date "2019.02.02"]
[Round "6.8"]
[White "Hoffmann, Uwe"]
[Black "Roemling, Sven"]
[Result "0-1"]
[WhiteElo "2104"]
[BlackElo "2150"]
[PlyCount "74"]
[EventDate "2018.10.21"]
[EventType "team-tourn"]
[EventCountry "GER"]
[WhiteTeam "Magdeburg SV Rochade"]
[BlackTeam "Leipzig SG II"]
[WhiteTeamCountry "GER"]
[BlackTeamCountry "GER"]

1. d4 Nf6 2. c4 g6 3. Nc3 Bg7 4. e4 O-O 5. f3 e5 6. dxe5 Nh5 7. Be3 Bxe5 8. Qd2
d6 9. O-O-O Nc6 10. g4 Ng7 11. Be2 Ne6 12. f4 Bg7 13. Nf3 Nc5 14. Nd4 Qh4 15.
h3 Re8 16. Bf3 Na5 17. Qe2 Ne6 18. Nd5 c6 19. Nxe6 Bxe6 20. Nc7 Bxc4 21. Qd2 b6
22. b4 Nb7 23. Nxa8 Rxa8 24. Qc2 b5 25. e5 d5 26. Bf2 Qe7 27. a3 a5 28. Qc3 Bf8
29. Be1 axb4 30. axb4 Ra4 31. Rh2 Qd8 32. Rb2 Qa8 33. Kc2 Ra3 34. Qd4 Rxf3 35.
Bc3 c5 36. bxc5 Bxc5 37. Qd2 Rf2 0-1

[Event "Oberliga Ost A 2018 2019"]
[Site "?"]
[Date "2019.02.02"]
[Round "6.1"]
[White "Pallas, Sebastian"]
[Black "Mueller, Frank"]
[Result "1-0"]
[WhiteElo "2303"]
[BlackElo "2262"]
[PlyCount "85"]
[EventDate "2018.10.21"]
[EventType "team-tourn"]
[EventCountry "GER"]
[WhiteTeam "Loeberitz SG"]
[BlackTeam "Leipzig VfB Schach"]
[WhiteTeamCountry "GER"]
[BlackTeamCountry "GER"]

1. e4 c5 2. Nf3 d6 3. d4 cxd4 4. Nxd4 Nf6 5. Nc3 Nc6 6. Bg5 e6 7. Qd2 a6 8.
O-O-O Bd7 9. f4 b5 10. Bxf6 gxf6 11. Kb1 Qb6 12. Nxc6 Bxc6 13. f5 b4 14. Ne2 e5
15. Ng3 h5 16. Bc4 h4 17. Nf1 Rc8 18. Qd3 Bh6 19. Qxd6 Qc7 20. Qxf6 Rh7 21. Nd2
Bf4 22. g3 Bxd2 23. Rxd2 Bxe4 24. Rhd1 hxg3 25. hxg3 Qe7 26. Qxa6 Bxf5 27. Bd3
Qg5 28. Bxf5 Qxf5 29. Qb5+ Kf8 30. Qxb4+ Kg7 31. a4 Rh6 32. g4 Qe6 33. g5 Rg6
34. Rd6 Qc4 35. Rxg6+ Kxg6 36. Qd6+ Qe6 37. Qxe6+ fxe6 38. Rg1 e4 39. Kc1 e3
40. Rg3 Rc4 41. Rxe3 Rxa4 42. Rxe6+ Kxg5 43. b3 1-0

[Event "Oberliga Ost A 2018 2019"]
[Site "?"]
[Date "2019.02.02"]
[Round "6.2"]
[White "Heinrich, Thomas"]
[Black "Reizniece Ozola, Dana"]
[Result "1/2-1/2"]
[WhiteElo "2186"]
[BlackElo "2311"]
[PlyCount "35"]
[EventDate "2018.10.21"]
[EventType "team-tourn"]
[EventCountry "GER"]
[WhiteTeam "Leipzig VfB Schach"]
[BlackTeam "Loeberitz SG"]
[WhiteTeamCountry "GER"]
[BlackTeamCountry "GER"]

1. d4 Nf6 2. Nf3 g6 3. Bf4 Bg7 4. e3 O-O 5. h3 d6 6. Be2 Nbd7 7. O-O Qe8 8. Bh2
e5 9. Nc3 c6 10. a4 Qe7 11. Re1 a5 12. Qb1 e4 13. Nd2 d5 14. Nd1 Ne8 15. c4 f5
16. cxd5 cxd5 17. Nc3 Ndf6 18. Qa2 1/2-1/2

[Event "Oberliga Ost A 2018 2019"]
[Site "?"]
[Date "2019.02.02"]
[Round "6.3"]
[White "Stein, Robert"]
[Black "Geiling, Christian"]
[Result "1-0"]
[WhiteElo "2313"]
[BlackElo "2180"]
[PlyCount "143"]
[EventDate "2018.10.21"]
[EventType "team-tourn"]
[EventCountry "GER"]
[WhiteTeam "Loeberitz SG"]
[BlackTeam "Leipzig VfB Schach"]
[WhiteTeamCountry "GER"]
[BlackTeamCountry "GER"]

1. Nf3 Nf6 2. g3 g6 3. Bg2 Bg7 4. O-O O-O 5. d4 d6 6. b3 Nc6 7. Bb2 a6 8. Nbd2
Nd7 9. Nc4 Rb8 10. d5 Nce5 11. Ncxe5 Nxe5 12. Nxe5 dxe5 13. Qc1 Bg4 14. Qe3 f6
15. h3 Bd7 16. Rfd1 Qc8 17. Kh2 e6 18. c4 Rd8 19. Rac1 Bf8 20. Qc3 Be7 21. e3
exd5 22. cxd5 Bd6 23. Qc4 Rf8 24. Bc3 Bb5 25. Qh4 Qf5 26. Rd2 g5 27. Qh5 Qg6
28. Qd1 f5 29. Qc2 Bd7 30. Rh1 Rf7 31. Kg1 Rbf8 32. Qb2 Re8 33. a3 f4 34. Bb4
fxe3 35. fxe3 Bxb4 36. axb4 Qd6 37. Qc3 e4 38. Kh2 h5 39. Qc5 Qe5 40. Rc1 Bb5
41. d6 cxd6 42. Qxd6 Qg7 43. Qc5 Bc6 44. Qa5 Re5 45. Rd8+ Kh7 46. Rc5 Rff5 47.
Rc8 Rxc5 48. bxc5 Rf7 49. Qd8 Rd7 50. Qe8 Rf7 51. Bxe4+ Bxe4 52. Qxe4+ Kh6 53.
Qd4 Qxd4 54. exd4 Rd7 55. Rb8 Rxd4 56. Rxb7 Rd2+ 57. Kg1 Kg6 58. Rb6+ Kf5 59.
Rxa6 Ke4 60. b4 Rb2 61. Ra4 Kf3 62. Ra3+ Ke4 63. c6 Rxb4 64. Rc3 Rb8 65. c7 Rc8
66. Rc5 h4 67. g4 Kd4 68. Rc1 Ke5 69. Kf2 Ke4 70. Ke2 Kf4 71. Rc3 Ke4 72. Kd2
1-0

[Event "Oberliga Ost A 2018 2019"]
[Site "?"]
[Date "2019.02.02"]
[Round "6.4"]
[White "Rohne, Lars"]
[Black "Proehl, Holger"]
[Result "1/2-1/2"]
[WhiteElo "2155"]
[BlackElo "2342"]
[PlyCount "55"]
[EventDate "2018.10.21"]
[EventType "team-tourn"]
[EventCountry "GER"]
[WhiteTeam "Leipzig VfB Schach"]
[BlackTeam "Loeberitz SG"]
[WhiteTeamCountry "GER"]
[BlackTeamCountry "GER"]

1. e4 d5 2. exd5 Nf6 3. d4 Nxd5 4. Nf3 g6 5. c3 Bg7 6. Be2 O-O 7. O-O Nc6 8.
Na3 h6 9. Re1 e6 10. Bd2 Nde7 11. Bf1 a6 12. Nc4 b5 13. Nce5 Bb7 14. Nd3 Rb8
15. Nc5 Nf5 16. a4 Bc8 17. axb5 axb5 18. g3 g5 19. Nd3 Nce7 20. Bg2 Bb7 21. Nc5
Bd5 22. Ne5 Bxg2 23. Kxg2 Qd5+ 24. Qf3 Ra8 25. Qxd5 Nxd5 26. h3 Nd6 27. b3 Nb6
28. Na6 1/2-1/2

[Event "Oberliga Ost A 2018 2019"]
[Site "?"]
[Date "2019.02.02"]
[Round "6.5"]
[White "Schuetze, Norman"]
[Black "Collini, Carsten"]
[Result "1/2-1/2"]
[WhiteElo "2268"]
[BlackElo "2124"]
[PlyCount "148"]
[EventDate "2018.10.21"]
[EventType "team-tourn"]
[EventCountry "GER"]
[WhiteTeam "Loeberitz SG"]
[BlackTeam "Leipzig VfB Schach"]
[WhiteTeamCountry "GER"]
[BlackTeamCountry "GER"]

1. e4 e5 2. Nf3 Nc6 3. Bb5 Nge7 4. O-O g6 5. d4 exd4 6. Nxd4 Bg7 7. Nf3 O-O 8.
Nc3 d6 9. h3 h6 10. Re1 a6 11. Bf1 Kh7 12. Nd5 Nxd5 13. exd5 Ne5 14. c3 Nxf3+
15. Qxf3 Qf6 16. Qe4 Qe5 17. Bf4 Qxe4 18. Rxe4 Bd7 19. a4 a5 20. Re7 Rad8 21.
Bb5 c6 22. Bc4 Bf6 23. Re2 cxd5 24. Bxd5 Bc6 25. Bb3 Rd7 26. Rd1 d5 27. Red2
Kg7 28. Be3 Re8 29. Bb6 Bd8 30. Bd4+ Bf6 31. Bxd5 Bxa4 32. Ra1 Bxd4 33. Rxd4
Red8 34. Rdxa4 Rxd5 35. Rxa5 Rd2 36. Rb5 Rc2 37. Rxb7 Rdd2 38. Rf1 h5 39. g3
Kf6 40. Kg2 Rxb2 41. Rxb2 Rxb2 42. Re1 Rc2 43. Re3 h4 44. gxh4 Kf5 45. Rf3+ Ke6
46. Kg3 f5 47. Rd3 Ke5 48. Re3+ Kd5 49. f3 Rc1 50. Kf4 Rh1 51. h5 gxh5 52. Kxf5
Rxh3 53. Kf4 Rh1 54. Kg3 Rg1+ 55. Kf2 Rc1 56. f4 h4 57. Kg2 Rc2+ 58. Kh3 Rf2
59. Kg4 Rf1 60. Re5+ Kc4 61. Re4+ Kd5 62. Re8 h3 63. Rh8 Ke4 64. Re8+ Kd3 65.
Rd8+ Ke3 66. Re8+ Kd3 67. Rh8 Ke4 68. Rxh3 Rxf4+ 69. Kg5 Rf1 70. Rh8 Kd3 71.
Rc8 Rc1 72. Rd8+ Kxc3 73. Rc8+ Kd2 74. Rxc1 Kxc1 1/2-1/2

[Event "Oberliga Ost A 2018 2019"]
[Site "?"]
[Date "2019.02.02"]
[Round "6.6"]
[White "Just, Wolfgang"]
[Black "Schindler, Christian"]
[Result "1-0"]
[WhiteElo "2104"]
[BlackElo "2190"]
[PlyCount "75"]
[EventDate "2018.10.21"]
[EventType "team-tourn"]
[EventCountry "GER"]
[WhiteTeam "Leipzig VfB Schach"]
[BlackTeam "Loeberitz SG"]
[WhiteTeamCountry "GER"]
[BlackTeamCountry "GER"]

1. f4 d5 2. Nf3 c5 3. e3 a6 4. b3 Nc6 5. Bb2 Nf6 6. Be2 Bg4 7. Ne5 Bxe2 8. Qxe2
e6 9. Nxc6 bxc6 10. d3 Be7 11. Nd2 O-O 12. O-O Nd7 13. e4 Qc7 14. Rf3 Rae8 15.
Rg3 g6 16. Rf1 Bf6 17. Bxf6 Nxf6 18. e5 Nd7 19. h4 Kh8 20. h5 Rg8 21. Nf3 h6
22. hxg6 Rxg6 23. Rh3 Reg8 24. Kh1 Kh7 25. g4 f6 26. g5 fxg5 27. fxg5 Rf8 28.
Qh2 Nxe5 29. Rxh6+ Rxh6 30. Qxh6+ Kg8 31. Qxe6+ Kg7 32. Qh6+ Kg8 33. Kg2 Rxf3
34. Rxf3 Nxf3 35. Kxf3 Qf7+ 36. Kg4 Qf2 37. Qg6+ Kf8 38. Qf5+ 1-0

[Event "Oberliga Ost A 2018 2019"]
[Site "?"]
[Date "2019.02.02"]
[Round "6.7"]
[White "Mertens, Fridolin"]
[Black "Mader, Joerg"]
[Result "1-0"]
[WhiteElo "2106"]
[BlackElo "2095"]
[PlyCount "62"]
[EventDate "2018.10.21"]
[EventType "team-tourn"]
[EventCountry "GER"]
[WhiteTeam "Loeberitz SG"]
[BlackTeam "Leipzig VfB Schach"]
[WhiteTeamCountry "GER"]
[BlackTeamCountry "GER"]

1. e4 e5 2. Nf3 Nf6 3. Nxe5 d6 4. Nd3 Nxe4 5. Qe2 Qe7 6. Nf4 Nf6 7. Nc3 c6 8.
d3 g5 9. Nh3 Qxe2+ 10. Bxe2 h6 11. f4 Bxh3 12. fxg5 Bxg2 13. Rg1 Bh3 14. gxf6
Nd7 15. Be3 Rh7 16. Rg3 Be6 17. Rf3 Ne5 18. Rf4 h5 19. Rh4 Bg4 20. Bxg4 Nxg4
21. Bg5 Kd7 22. O-O-O Bh6 23. Rxh5 Bxg5+ 24. Rxg5 Nxf6 25. Rf1 Nd5 26. Nxd5
cxd5 27. Rxd5 Rxh2 28. Rxf7+ Kc6 29. Rd4 Rg8 30. Rc4+ Kd5 31. b3 b5 1-0

[Event "Oberliga Ost A 2018 2019"]
[Site "?"]
[Date "2019.02.02"]
[Round "6.8"]
[White "Mueller, Giso"]
[Black "Boehm, Christian"]
[Result "1/2-1/2"]
[WhiteElo "2124"]
[BlackElo "2095"]
[PlyCount "66"]
[EventDate "2018.10.21"]
[EventType "team-tourn"]
[EventCountry "GER"]
[WhiteTeam "Leipzig VfB Schach"]
[BlackTeam "Loeberitz SG"]
[WhiteTeamCountry "GER"]
[BlackTeamCountry "GER"]

1. e4 c5 2. d4 cxd4 3. c3 d3 4. Bxd3 g6 5. Nf3 Bg7 6. O-O d6 7. c4 Nf6 8. Nc3
Bg4 9. h3 Bxf3 10. Qxf3 Nc6 11. Bd2 Ne5 12. Qe2 Rc8 13. b3 Nxd3 14. Qxd3 O-O
15. Rae1 Nd7 16. Nd5 Ne5 17. Qb1 e6 18. Nc3 Nc6 19. Qd3 Nb4 20. Qg3 d5 21. cxd5
exd5 22. e5 Nc2 23. Rc1 Nd4 24. Rfe1 Re8 25. f4 f6 26. Qd3 fxe5 27. fxe5 Rxe5
28. Rxe5 Bxe5 29. Be3 Nf5 30. Qxd5+ Qxd5 31. Nxd5 Rd8 32. Rd1 Nxe3 33. Nxe3
Rxd1+ 1/2-1/2

[Event "Oberliga Ost A 2018 2019"]
[Site "?"]
[Date "2019.02.03"]
[Round "7.1"]
[White "Pulpan, Jakub"]
[Black "Pallas, Sebastian"]
[Result "1-0"]
[WhiteElo "2419"]
[BlackElo "2303"]
[PlyCount "93"]
[EventDate "2018.10.21"]
[EventType "team-tourn"]
[EventCountry "GER"]
[WhiteTeam "Aue ESV Nickelhuette II"]
[BlackTeam "Loeberitz SG"]
[WhiteTeamCountry "GER"]
[BlackTeamCountry "GER"]

1. e4 c5 2. Nf3 d6 3. d4 cxd4 4. Nxd4 Nf6 5. Nc3 a6 6. Nb3 e6 7. g4 h6 8. Bg2
Be7 9. Be3 Nc6 10. Qe2 Ne5 11. f3 Qc7 12. O-O-O Nc4 13. h4 Nxe3 14. Qxe3 Nd7
15. f4 Nc5 16. Nxc5 Qxc5 17. Qxc5 dxc5 18. e5 Rb8 19. Na4 b6 20. Bc6+ Kf8 21.
Nc3 Bb7 22. Be4 Ke8 23. f5 Bxe4 24. Nxe4 Rd8 25. f6 gxf6 26. exf6 Bf8 27. Rxd8+
Kxd8 28. Kd2 Kc7 29. Ke3 Bd6 30. Nxd6 Kxd6 31. Kf4 Kc6 32. Rd1 Kc7 33. Rd2 Kc6
34. Ke5 Rg8 35. Rd6+ Kc7 36. Rxe6 Rxg4 37. Re7+ Kc6 38. Rxf7 Rxh4 39. Rh7 Rh2
40. f7 Re2+ 41. Kf6 Rf2+ 42. Kg7 Rg2+ 43. Kxh6 Rf2 44. Kg7 Rg2+ 45. Kh8 Rf2 46.
Kg8 Rg2+ 47. Rg7 1-0

[Event "Oberliga Ost A 2018 2019"]
[Site "?"]
[Date "2019.02.03"]
[Round "7.2"]
[White "Reizniece Ozola, Dana"]
[Black "Cerveny, Martin"]
[Result "1/2-1/2"]
[WhiteElo "2311"]
[BlackElo "2346"]
[PlyCount "152"]
[EventDate "2018.10.21"]
[EventType "team-tourn"]
[EventCountry "GER"]
[WhiteTeam "Loeberitz SG"]
[BlackTeam "Aue ESV Nickelhuette II"]
[WhiteTeamCountry "GER"]
[BlackTeamCountry "GER"]

1. c4 c6 2. Nf3 d5 3. e3 Nf6 4. Nc3 e6 5. b3 Nbd7 6. Bb2 Be7 7. Qc2 b6 8. cxd5
cxd5 9. Nb5 O-O 10. Rc1 a6 11. Nbd4 Bb7 12. Qc7 Nc5 13. Qxd8 Rfxd8 14. Be2 Rac8
15. O-O Nfd7 16. b4 Na4 17. Ba3 b5 18. Nb3 Ndb6 19. Nc5 Nxc5 20. bxc5 Nc4 21.
Bb4 a5 22. Bxc4 dxc4 23. Bxa5 Rd3 24. Rb1 Bxf3 25. gxf3 Rxc5 26. f4 Rh5 27. Bc3
Ba3 28. Kg2 f6 29. Kf3 Kf7 30. Ke2 Rhd5 31. Rg1 g6 32. h4 Ke8 33. e4 Rh5 34.
Bxf6 Bd6 35. e5 Be7 36. Bxe7 Kxe7 37. Rxb5 Rxh4 38. Rb7+ Kf8 39. Rg3 Rxf4 40.
Rxd3 cxd3+ 41. Kxd3 h5 42. Ke3 Ra4 43. Rb2 g5 44. d4 Kf7 45. Ke4 h4 46. f3 Ra6
47. Rg2 h3 48. Rh2 Kg6 49. Rxh3 Rxa2 50. Rh8 Kg7 51. Rd8 Ra1 52. Rd7+ Kf8 53.
Ke3 Ke8 54. Rg7 Rg1 55. Ke2 Kf8 56. Rg6 Kf7 57. Rf6+ Ke7 58. Kd2 Rf1 59. Ke2
Rg1 60. Rh6 Kf7 61. Rh8 Ke7 62. Rh7+ Ke8 63. Rg7 Kf8 64. Rb7 Ke8 65. Ra7 Rg2+
66. Ke3 Rg1 67. Rg7 Kf8 68. Rg6 Kf7 69. Rf6+ Ke7 70. Ke2 Rg2+ 71. Kd3 Rf2 72.
Ke3 Rf1 73. Rg6 Rg1 74. Kf2 Rd1 75. Ke3 Rg1 76. Rg7+ Ke8 1/2-1/2

[Event "Oberliga Ost A 2018 2019"]
[Site "?"]
[Date "2019.02.03"]
[Round "7.3"]
[White "Jurasek, Miroslav"]
[Black "Stein, Robert"]
[Result "1-0"]
[WhiteElo "2216"]
[BlackElo "2313"]
[PlyCount "105"]
[EventDate "2018.10.21"]
[EventType "team-tourn"]
[EventCountry "GER"]
[WhiteTeam "Aue ESV Nickelhuette II"]
[BlackTeam "Loeberitz SG"]
[WhiteTeamCountry "GER"]
[BlackTeamCountry "GER"]

1. e4 e5 2. Nf3 Nc6 3. Bb5 a6 4. Ba4 Nf6 5. O-O Be7 6. d3 b5 7. Bb3 d6 8. a3
O-O 9. Nc3 Bg4 10. Be3 Nd4 11. Bxd4 exd4 12. Nd5 Nxd5 13. Bxd5 Rb8 14. h3 Bxf3
15. Qxf3 Kh8 16. g3 Qd7 17. Qg4 f5 18. exf5 Qxf5 19. Rae1 Qxg4 20. hxg4 Bf6 21.
Kg2 g5 22. b4 Kg7 23. Re4 h6 24. Re6 Rbd8 25. Bb7 Rb8 26. Be4 Rf7 27. Bd5 Rff8
28. Ra1 Rb6 29. Rae1 Rbb8 30. Be4 Rbe8 31. Bc6 Rb8 32. Rh1 Rf7 33. Be4 Re7 34.
Rxe7+ Bxe7 35. Bd5 Bf6 36. Ra1 Be7 37. Re1 Bf6 38. Re6 Kg6 39. Kf3 Kg7 40. Ke4
Rf8 41. f4 Rb8 42. Bc6 gxf4 43. gxf4 Rb6 44. Kd5 Kf7 45. Re1 Be7 46. Re2 Bf6
47. Re6 Rb8 48. Bd7 c5 49. Rxd6 cxb4 50. axb4 Ra8 51. Kc6 a5 52. Kb7 Rd8 53.
bxa5 1-0

[Event "Oberliga Ost A 2018 2019"]
[Site "?"]
[Date "2019.02.03"]
[Round "7.4"]
[White "Niegsch, Nicolas"]
[Black "Schnabel, Ralf"]
[Result "1/2-1/2"]
[WhiteElo "2251"]
[BlackElo "2206"]
[PlyCount "130"]
[EventDate "2018.10.21"]
[EventType "team-tourn"]
[EventCountry "GER"]
[WhiteTeam "Loeberitz SG"]
[BlackTeam "Aue ESV Nickelhuette II"]
[WhiteTeamCountry "GER"]
[BlackTeamCountry "GER"]

1. d4 Nf6 2. c4 g6 3. Nc3 d5 4. cxd5 Nxd5 5. e4 Nxc3 6. bxc3 Bg7 7. Bc4 c5 8.
Ne2 O-O 9. Be3 cxd4 10. cxd4 Qa5+ 11. Qd2 Nc6 12. Rc1 Rd8 13. d5 Qxd2+ 14. Bxd2
Ne5 15. Nf4 Bd7 16. Be2 Rdc8 17. O-O b5 18. Bb4 Bf8 19. Nd3 Nxd3 20. Bxd3 e5
21. Bxf8 Kxf8 22. Rb1 a6 23. f4 Rc3 24. Rbd1 Re8 25. fxe5 Rxe5 26. Rf6 Ra3 27.
Bb1 Ke7 28. Rb6 a5 29. Rc1 f5 30. d6+ Ke6 31. exf5+ gxf5 32. g4 fxg4 33. Bxh7
g3 34. h4 Rae3 35. Rf1 Kd5 36. Rb7 Kc6 37. Ra7 Rd5 38. Rxa5 Rxd6 39. Ra6+ Kc7
40. Rc1+ Rc6 41. Raxc6+ Bxc6 42. h5 Re2 43. Bd3 Re5 44. h6 Rh5 45. Be4 Rxh6 46.
Rc3 Kb6 47. Bxc6 Rxc6 48. Rxg3 Rf6 49. Ra3 Kc5 50. Kg2 b4 51. Ra5+ Kc4 52. Kg3
Kc3 53. Kg4 Rf1 54. Kg3 Kc4 55. Kg4 Rf7 56. Kg3 Kc3 57. Kg4 Rf1 58. Kg3 Kc2 59.
Ra4 Kc3 60. Ra5 Ra1 61. Ra4 Kc4 62. Ra5 Rc1 63. Kf3 Rc3+ 64. Ke2 Ra3 65. Rxa3
bxa3 1/2-1/2

[Event "Oberliga Ost A 2018 2019"]
[Site "?"]
[Date "2019.02.03"]
[Round "7.5"]
[White "Heinz, Thomas"]
[Black "Proehl, Holger"]
[Result "1/2-1/2"]
[WhiteElo "2135"]
[BlackElo "2342"]
[PlyCount "35"]
[EventDate "2018.10.21"]
[EventType "team-tourn"]
[EventCountry "GER"]
[WhiteTeam "Aue ESV Nickelhuette II"]
[BlackTeam "Loeberitz SG"]
[WhiteTeamCountry "GER"]
[BlackTeamCountry "GER"]

1. e4 d6 2. d4 Nf6 3. Nc3 Nbd7 4. Bc4 e5 5. Nf3 h6 6. O-O Be7 7. h3 O-O 8. Be3
c6 9. a4 Re8 10. Qe2 Qc7 11. Rad1 Nf8 12. dxe5 dxe5 13. Bb3 Be6 14. Bxe6 Nxe6
15. Qc4 a5 16. Rd3 Red8 17. Rfd1 Kf8 18. Ne2 1/2-1/2